| 000 | 00484nam a2200157Ia 4500 | ||
|---|---|---|---|
| 008 | 170221s9999 xx 000 0 und d | ||
| 100 | _aCansu Arısoy | ||
| 245 | _aTurkish Series: Products of Popular Culture and Tools for Inclusive Globalization100220 | ||
| 245 | _cCansu Arısoy | ||
| 260 | _bOnline Journal of Communication and Media Technologies | ||
| 260 | _c2014 | ||
| 300 | _a15 : | ||
| 650 | _xCommunication | ||
| 650 | _xMedia Arts | ||
| 856 | _uhttp://www.ojcmt.net/ | ||
| 999 |
_c308817 _d308817 |
||